000 00534nam a22001817a 4500
003 NUST - PNEC
005 20170116180810.0
008 150428b xxu||||| |||| 00| 0 eng d
020 _a-
040 _cLIBRARY
082 _a297.161 GIL
100 _93298
_aGilani, Sayed Mohammad Feroz Shah
245 _aQurani aayat aur sciency haqaiq
_cSayed Mohammad Feroz Shah Gilani
260 _aKarachi:
_bIndus Publication Corporation,
_cc2009.
300 _a695 p. :
_c22 cm.
650 _93299
_aIslam, Quran
_xGeneral
942 _2ddc
_cBK
999 _c63350
_d63350